000 00463 a2200193 4500
005 20260417121223.0
008 260416b |||||||| |||| 00| 0 eng d
020 _a9789370444928
_cRs. 2500.00
040 _aMAIN
082 _a070.1
_bR13F
100 _aRai, Ramesh
245 _aFreedom of the press
260 _bAsia Publishers
_c2026
_aNew Delhi
300 _ax, 256
650 _aJournalism
650 _aPress
650 _aMass Media
942 _cBK
999 _c397246
_d397246